| 000 | 00845nam a22002417a 4500 | ||
|---|---|---|---|
| 999 |
_c6787 _d6787 |
||
| 003 | AR-CdUCM | ||
| 008 | 190319b ||||| |||| 00| 0 spa d | ||
| 040 |
_aMUNICIPALIDAD PROVINCIAL DEL CUSCO _cBIBLIOTECA MUNICIPAL DEL CUSCO |
||
| 041 | _heng | ||
| 082 |
_a577.4 / _bL23 |
||
| 100 |
_aLangley, L. L. _919110 |
||
| 245 | _aHomeostasis / | ||
| 260 |
_aMadrid : _bAlhambra, _c1969. |
||
| 300 |
_a118 páginas ; _c20 cm. _bIlustraciones, |
||
| 440 |
_aExedra - Ciencia técnica ingeniería _n48 _919111 |
||
| 500 | _aTitulo original: Homeostasis | ||
| 505 | _aPerspectiva histórica -- Principios generales -- Temperatura del cuerpo -- Peso del cuerpo -- Respiración -- Presión sanguínea ... | ||
| 650 |
_aBiología _9881 |
||
| 650 |
_aHomeostasis _919112 |
||
| 700 |
_aMiralles, L. Kiralyna _919080 |
||
| 942 |
_2ddc _cLIBROS |
||
| 945 | _aacv | ||